[Event "ALG-chT"]
[Site "Oran"]
[Date "2017.09.21"]
[Round "7.1"]
[White "Bentoumi, Miloud"]
[Black "Miloudi, Badis"]
[Result "0-1"]
[WhiteElo "2037"]
[BlackElo "1835"]
[PlyCount "72"]
[EventDate "2017.09.18"]
[EventType "team-swiss"]
[EventRounds "9"]
[EventCountry "ALG"]
[SourceTitle "CBM 180 Extra"]
[Source "ChessBase"]
[SourceDate "2017.10.06"]
[SourceVersion "1"]
[SourceVersionDate "2017.10.06"]
[SourceQuality "1"]
[WhiteTeam "ECS"]
[BlackTeam "USB"]
[WhiteTeamCountry "ALG"]
[BlackTeamCountry "ALG"]

1. e4 d6 2. d4 Nf6 3. Bc4 c6 4. f3 d5 5. exd5 cxd5 6. Bd3 Nc6 7. c3 Qc7 8. Ne2 e5 9. dxe5 Nxe5 10. Bc2 Bd7 11. Nd2 Bd6 12. Nd4 0-0 13. 0-0 Ng6 14. f4 Bxf4 15. N2f3 Ng4 16. h3 Ne3 17. Bxe3 Bxe3+ 18. Kh1 Rae8 19. Qd3 Qg3 20. Ne2 Qd6 21. Rad1 Bb6 22. Ned4 Bc7 23. Rde1 f5 24. Rxe8 Rxe8 25. Nxf5 Bxf5 26. Qxf5 Rf8 27. Qxf8+ Nxf8 28. Bb3 Nd7 29. Rd1 Nf6 30. c4 g6 31. cxd5 Kg7 32. Re1 Qc5 33. Ng5 Qf2 34. Nf3 Bd6 35. Bc4 Nh5 36. Re6 Nf4 0-1